Europäischer Materialfluss Markt 1995 Jahreseinkaufsführer

Guardado en:
Detalles Bibliográficos
Formato: Libro
Lenguaje:alemán
Publicado: Landsberg Moderne Industrie 1995
Edición:1. Aufl.
Materias:
Etiquetas: Agregar Etiqueta
Sin Etiquetas, Sea el primero en etiquetar este registro!

MARC

LEADER 00000nam a2200000 4500
001 c010465
005 20221205132944.2
041 0 |a ger 
044 |a DE 
245 1 0 |a Europäischer Materialfluss Markt 1995  |b Jahreseinkaufsführer 
250 |a 1. Aufl. 
264 1 |a Landsberg  |b Moderne Industrie  |c 1995 
300 |a 126 s. 
610 2 0 |a Európa 
610 2 0 |a trh 
610 2 0 |a materiál 
610 2 0 |a výrobky 
610 2 0 |a sklady 
610 2 0 |a skladovanie 
610 2 0 |a expedícia 
610 2 0 |a nákup 
610 2 0 |a údaje štatistické 
610 2 0 |a tok materiálu